Word Ladder: This Great Stage of Fools Quiz Stats

 Plays Quiz Updated Sep 16, 2015

Challenge
Share
Tweet
Embed
Score 0/28 Timer 04:00
3 Plays Today
Clues, Fools, and Quotes 5-Letter Word % Correct
Sofa, or
to phrase something in specific terms
COUCH
93.2%
Shell in which one can 'hear the ocean'CONCH
91.4%
Dolly the sheep, for oneCLONE
88.1%
Prongs, as on a tiller or forkTINES
87.8%
Subdivision of a head of garlicCLOVE
87.2%
Actors who get top billingSTARS
84.4%
Takes care of, e.g. sheepTENDS
84.3%
Clothing item used to challenge one to a duelGLOVE
82.9%
Imbues with huesTINTS
82.2%
Roebuck's partnerSEARS
82.2%
“Here pitch our ___, even here in Bosworth field” (Richard III)TENTS
81.7%
Sure thing, or a type of beltCINCH
80.7%
Actors who have the main roles in a showLEADS
79.5%
Shakespearean era term for 'fool', or
Robin Williams' Adams role
◄PATCH►
78.5%
Clues, Fools, and Quotes 5-Letter Word % Correct
Flashlight, to a BritTORCH
78.4%
Deprive of moisturePARCH
76.8%
“But passion ___ them power, time means, to meet”
(Romeo and Juliet)
LENDS
73%
Shakespeare's fool in 'As You Like It'
(1st half of name)
◄TOUCH►
73%
“Repair to Pompey's ____,
where you shall find us”
(Julius Caesar)
PORCH
71.7%
Whose line is this, anyway?
“When we are born, we cry we are come
To this great stage of fools.”
◄LEAR'S►
70.8%
The great stage of fools
(Theatre of many a Shakespearean play)
◄GLOBE►
67.8%
“Ay, every inch a king.
When I do ____, see how the subject shakes”
(King Lear)
STARE
66.8%
Tuck away for later useSTORE
65.7%
Make amendsATONE
59.1%
“'Tis not ___ my inky cloak, good mother”
(Hamlet)
ALONE
58.4%
Shakespeare's fool in 'As You Like It'
(2nd half of name)
◄STONE►
54.7%
“Let us make med'____ of our great revenge
To cure this deadly grief”
(Macbeth)
CINES
54.2%
US Presidents, militarily (hyph. abbr.)C-in-Cs
51.2%

Today's Daily Dose

You're not logged in!

Compare scores with friends on all Sporcle quizzes.
OR
Log In

You Might Also Like...

Show Comments

Extras

Top Quizzes Today


Score Distribution

Your Account Isn't Verified!

In order to create a playlist on Sporcle, you need to verify the email address you used during registration. Go to your Sporcle Settings to finish the process.

Report this User

Report this user for behavior that violates our Community Guidelines.

Details: